Statistics for 1601-富山地方鉄道の駅

Click here to take the quiz!

General Stats

  • This quiz has been taken 36 times
    (35 since last reset)
  • The average score is 55 of 115

Answer Stats

本線% Correct
宇奈月温泉
100%
電鉄富山
96%
立山
96%
寺田
88%
電鉄黒部
88%
新黒部
85%
富山駅
85%
上滝
85%
南富山
85%
電鉄魚津
81%
上市
81%
不二越
81%
南富山駅前
77%
稲荷町
77%
新魚津
73%
岩峅寺
73%
越中舟橋
69%
中滑川
69%
滑川
69%
富山大学前
65%
早月加積
65%
西魚津
62%
越中荏原
62%
新庄田中
58%
岩瀬浜
58%
東新庄
58%
中加積
58%
西滑川
58%
舌山
54%
丸の内
54%
下立
54%
五百石
54%
電鉄富山駅・エスタ前
54%
電鉄石田
50%
越中中村
50%
西加積
50%
東三日市
50%
新相ノ木
50%
安野屋
50%
相ノ木
50%
音沢
50%
下立口
50%
荻生
50%
越中三郷
50%
若栗
46%
地鉄ビル前
46%
愛本
46%
経田
46%
越中泉
46%
西町
46%
電気ビル前
46%
有峰口
46%
中町(西町北)
42%
県庁前
42%
奥田中学校前
42%
新宮川
42%
大川寺
38%
城川原
38%
本宮
38%
競輪場前
38%
千垣
38%
浜加積
38%
内山
38%
長屋
35%
浦山
35%
越中中島
35%
粟島
35%
東岩瀬
35%
堀川小泉
31%
インテック本社前
31%
大泉
31%
トヨタモビリティ富山 Gスクエア五福前(五福末広町)
31%
沢中山
31%
横江
31%
月岡
31%
桜橋
31%
大町
27%
大手モール
27%
新富町
27%
栄町
27%
小杉
27%
栃屋
27%
下奥井
27%
龍谷富山高校前(永楽町)
27%
稚子塚
27%
榎町
27%
オークスカナルパークホテル富山前
27%
下段
27%
朝菜町
27%
開発
27%
萩浦小学校前
23%
国際会議場前
23%
田添
23%
上堀
23%
布市
23%
荒町
23%
大庄
23%
小泉町
23%
グランドプラザ前
23%
蓮町(馬場記念公園前)
19%
釜ヶ淵
19%
諏訪川原
19%
上本町
19%
広貫堂前
19%
犬島新町
19%
西中野
15%

Score Distribution

Percentile by Number Answered

Percent of People with Each Score

Your Score History

You have not taken this quiz since the last reset